000 00504nam a2200181 a 4500
001 3974
005 20140414131928.0
008 040721s19uu xx 00 eng d
020 _a0-307-01035-X
050 _aER
_bSn6 1999
245 _aSnow White and the seven dwarfs /
_ccover illustration by Don Williams.
260 _aNew York :
_bA Golden Book,
_c1999.
300 _a1 v. p. : ill. ; cm.
440 _aWalt Disney's
650 _aFairy tales.
650 _aChildren stories.
999 _c112123
_d112123